[Event "JOR-ch sf"]
[Site "Amman"]
[Date "2009.03.27"]
[Round "3"]
[White "Emad, Osama"]
[Black "Jafar, Abdul Khaliq"]
[Result "1-0"]
[WhiteElo "1625"]
[BlackElo "1718"]
[PlyCount "71"]
[EventDate "2009.03.26"]
[EventType "swiss"]
[EventRounds "9"]
[EventCountry "JOR"]
[SourceTitle "EXT 2022"]
[Source "ChessBase"]
[SourceDate "2021.10.06"]
[SourceVersion "1"]
[SourceVersionDate "2021.10.06"]
[SourceQuality "1"]

1. c4 f5 2. Nc3 b6 3. Nf3 Nf6 4. d4 e6 5. g3 Bb7 6. Bg2 Bb4 7. 0-0 Bxc3 8. bxc3 0-0 9. Rb1 d6 10. Ba3 Nbd7 11. c5 Be4 12. cxd6 cxd6 13. Bxd6 Re8 14. Rc1 Rc8 15. Qb3 h6 16. Nd2 Bxg2 17. Kxg2 Kh8 18. Rfe1 e5 19. Nf3 exd4 20. Nxd4 Nc5 21. Bxc5 bxc5 22. Nxf5 c4 23. Qb7 Rc7 24. Qf3 Qd2 25. e3 Qxa2 26. Nxh6 Rd7 27. Ng4 Ne4 28. Qf4 Rde7 29. Qf3 Qb2 30. Qe2 Qb7 31. Kg1 Qc6 32. Red1 Rf8 33. Rd4 Ref7 34. Ne5 Rxf2 35. Qxf2 Nxf2 36. Nxc6 1-0

[Event "JOR-ch sf"]
[Site "Amman"]
[Date "2009.03.26"]
[Round "1"]
[White "Emad, Osama"]
[Black "Mohammed, Aloufe"]
[Result "0-1"]
[WhiteElo "1625"]
[BlackElo "2025"]
[PlyCount "63"]
[EventDate "2009.03.26"]
[EventType "swiss"]
[EventRounds "9"]
[EventCountry "JOR"]
[SourceTitle "EXT 2022"]
[Source "ChessBase"]
[SourceDate "2021.10.06"]
[SourceVersion "1"]
[SourceVersionDate "2021.10.06"]
[SourceQuality "1"]

1. c4 e5 2. Nc3 Nf6 3. Nf3 d6 4. g3 Be7 5. Bg2 0-0 6. d4 Nbd7 7. 0-0 c6 8. Qc2 Re8 9. Rd1 Qc7 10. Be3 Bf8 11. b4 e4 12. Ng5 d5 13. cxd5 cxd5 14. Qb3 Nb6 15. Rac1 Qe7 16. Nb5 Nc4 17. Bf4 Nh5 18. Nxe4 Nxf4 19. gxf4 Be6 20. Nec3 a6 21. Na3 Nxa3 22. Qxa3 a5 23. Nxd5 Bxd5 24. Bxd5 axb4 25. Qb3 Qd7 26. Qf3 Ra6 27. e3 Rd6 28. Bb3 Ra6 29. Rc2 Rh6 30. Rdc1 Qf5 31. Qxb7 Rd8 32. Kh1 0-1